| 000 | 00594nam a2200229 4500 | ||
|---|---|---|---|
| 001 | 110076 | ||
| 003 | ES-SlBCS | ||
| 005 | 20210327224051.0 | ||
| 008 | 141118s2003 fr ||||| |||| 00| 0 spa d | ||
| 017 | _a1971 | ||
| 017 | _a2003 | ||
| 020 | _a2130538495 | ||
| 040 |
_bspa _cES-SlBCS |
||
| 041 | _aspa | ||
| 100 | 1 | 0 |
_aAmiet, Pierre _954703 |
| 245 | 1 | 2 |
_aL'Antiquité orientale _cPierre Amiet |
| 250 | _a7e édition. | ||
| 260 |
_aParis : _bPresses universitaires de France _c, impr. 2003. |
||
| 300 |
_a127 p. : _bill. ; _c18 cm |
||
| 650 | 0 | 4 |
_aOriente Antiguo _996608 |
| 942 |
_2lcc _cBK |
||
| 999 |
_c457700 _d457700 |
||